000 00915cab a22002175a 4500
001 L145340
008 080930e20080926xxk f s 000 0 eng d
035 _a(Sirsi) u145340
041 0 _aeng
100 1 _aShepherd, Mark
245 0 0 _a€250bn lifeline
260 _c2008
490 0 _aProperty Week
_v73(39) 26 September 2008, 48-51(4)
520 _aFirst in a series of 'Equity watch' articles, investigates how much money might be available to spend on European property. Reveals that there is an estimated €250bn which could enter European real estate when the market conditions are right. Potential sources include sovereign wealth funds, German open-ended funds, institutional investors and recovery funds. Tables.
590 _aKA
651 4 _aEurope
690 _aPROPERTY-COMMERCIAL PROPERTY-COMMERCIAL PROPERTY MARKET
700 1 _aAxford, Nick
700 1 _aHaddock, Michael
942 _n0
999 _c80783
_d80783